MARC

LEADER 00000nam0a2200000 4500
001 337987
005 20231102005015.0
035 |a (RuTPU)RU\TPU\book\364475 
090 |a 337987 
100 |a 20171116d1968 k y0rusy50 ca 
101 0 |a rus 
102 |a RU 
105 |a a z 001zy 
200 1 |a Инерциальное управление баллистическими ракетами. Некоторые теоретические вопросы  |e [монография]  |f А. Ю. Ишлинский  |g Академия наук СССР (АН СССР) 
210 |a Москва  |c Наука  |d 1968 
215 |a 142 с.  |c ил. 
320 |a Библиогр.: с. 136-138 
606 1 |a Ракеты баллистические  |x Управление  |2 stltpush  |3 (RuTPU)RU\TPU\subj\23767  |9 48300 
610 1 |a дальность полета 
610 1 |a формулы 
610 1 |a условия 
610 1 |a ошибки 
610 1 |a ускорение 
610 1 |a уравнения 
610 1 |a проекции 
610 1 |a приближенные представления 
610 1 |a сила тяготения 
610 1 |a боковое движение 
610 1 |a отклонение 
610 1 |a построение 
610 1 |a математические основы 
610 1 |a монографии 
675 |a 629.762  |v 4 
700 1 |a Ишлинский  |b А. Ю.  |g Александр Юльевич 
712 0 2 |a Академия наук СССР (АН СССР)  |c (Ленинград/Москва)  |c (1925-1991)  |2 stltpush  |3 (RuTPU)RU\TPU\col\722 
801 1 |a RU  |b 63413507  |c 20171116 
801 2 |a RU  |b 63413507  |c 20171204  |g RCR 
942 |c BK